| 000 | 00514nam a2200193Ia 4500 | ||
|---|---|---|---|
| 003 | OSt | ||
| 005 | 20250311122158.0 | ||
| 008 | 210210b1972 xxu||||| |||| 00| 0 eng d | ||
| 040 | _cAL | ||
| 041 | _aKannada | ||
| 082 | _aK894.3 ARYA | ||
| 100 |
_aARYAMBA PATTABHI _dಆರ್ಯಾಂಬಾ ಪಟ್ಟಾಭಿ. _9159345 |
||
| 245 |
_aAa hadu. _bಆ ಹಾಡು |
||
| 260 |
_aBengaluru _bPrakasha Sahitya _c1972 |
||
| 300 | _a224 | ||
| 690 |
_aKannada Fiction _9159346 |
||
| 906 | _a031805 | ||
| 942 |
_2ddc _cBK |
||
| 999 |
_c82987 _d82987 |
||